000 01151cam a22003493a 4500
001 1215
005 20231123160630.0
020 _a9780439178822
040 _aGZG
_cGZG
_dLEO
_dDLC
_beng
050 0 0 _aPZ7.M47396
082 _a813.54
100 1 _aMazer, Anne
245 1 4 _aThe pen is mightier than the sword /
_cAnne Mazer.
250 _aFirst Scholastic printing, December 2001
260 _aNew York :
_bScholastic,
_c2001
300 _a125 pages :
_billustrations ;
_c20 cm
490 1 _aThe amazing days of Abby Hayes ;
_vBook 6
500 _a"An Apple paperback."
505 _aK
520 _aAbby Hayes is chosen to write an advice column for her fifth-grade newspaper, but her own life is out of control.
521 _a510
_bLexile
521 _aK
_bRaz-Plus
650 0 _aSchools
_vFiction.
650 0 _aFriendship
_vFiction.
650 0 _aNewspapers
_vFiction.
650 0 _aSchools
_vJuvenile fiction.
650 0 _aNewspapers
_vJuvenile fiction.
650 0 _aFriendship
_vJuvenile fiction.
655 7 _aChildren's stories.
_2lcsh
906 _a0
_bcbc
_ccopycat
_d2
_encip
_f20
_gy-genrareb
942 _2ddc
_cBK
_n0
999 _c1215
_d1215